|
|
|
|
| LEADER |
00000nam2a2200000 4500 |
| 001 |
343471 |
| 005 |
20231102005549.0 |
| 035 |
|
|
|a (RuTPU)RU\TPU\book\373849
|
| 035 |
|
|
|a RU\TPU\book\373847
|
| 090 |
|
|
|a 343471
|
| 100 |
|
|
|a 20191007d1956 k y0rusy50 ca
|
| 101 |
0 |
|
|a rus
|
| 102 |
|
|
|a RU
|
| 105 |
|
|
|a a z 001zy
|
| 200 |
0 |
|
|a Вып. 35: Вопросы химического анализа
|f под ред. В. Б. Алесковского
|
| 210 |
|
|
|d 1956
|
| 215 |
|
|
|a 196 с.
|c ил.
|
| 320 |
|
|
|a Библиогр. в конце ст.
|
| 461 |
|
1 |
|0 (RuTPU)RU\TPU\book\345898
|t Труды Ленинградского технологического института имени Ленинградского совета (Ленсовета)
|o [сборник]
|f Ленинградский технологический институт им. Ленсовета (ЛТИ)
|v Вып. 35: Вопросы химического анализа
|d 1945-
|
| 606 |
1 |
|
|a Химический анализ
|2 stltpush
|3 (RuTPU)RU\TPU\subj\70293
|9 84646
|
| 610 |
1 |
|
|a катионы
|
| 610 |
1 |
|
|a реакции
|
| 610 |
1 |
|
|a хроматографическое разделение
|
| 610 |
1 |
|
|a хроматография
|
| 610 |
1 |
|
|a адсорбция
|
| 610 |
1 |
|
|a поглотители
|
| 610 |
1 |
|
|a спектральный анализ
|
| 675 |
|
|
|a 543
|v 4
|
| 702 |
|
1 |
|a Алесковский
|b В. Б.
|4 340
|
| 801 |
|
1 |
|a RU
|b 63413507
|c 20160826
|
| 801 |
|
2 |
|a RU
|b 63413507
|c 20191007
|g RCR
|
| 942 |
|
|
|c BK
|